| 000 | 01758cas a2200397u 4500 | ||
|---|---|---|---|
| 003 | AUA.1 | ||
| 005 | 20250610092904.0 | ||
| 008 | 250610 eng | ||
| 022 | _a00265314 | ||
| 035 | _a.b22486379 | ||
| 040 | _cAUA | ||
| 050 |
_aBX6102 _b.M56 |
||
| 222 | 7 |
_aMinistry _beJournal Links. |
|
| 245 | 1 | 0 |
_aMinistry: _bInternational journal for Pastors |
| 260 |
_c2023 _aSilver Spring, MD _bSeventh-day Adventist Church |
||
| 300 |
_a30p. _bcol ill.; _c27 cm |
||
| 440 |
_vVol 95 _x00265314 _934577 _aSeason's of Pastoral ministry Spring _nNo. 3 |
||
| 505 |
_aJesus champions "silver medal" leadership: Becoming number one by embracing number two _rTim Allston |
||
| 505 |
_aPost pandemic pastoral ministry: What now? What next? _rR. Clifford Jones |
||
| 505 |
_aEmpowering young adults in mission: What leaders can do _rDustin Serns |
||
| 505 |
_aRethinking worship space and the emerging "phygital" culture in ministry architecture _rCynthia Gradduck |
||
| 505 |
_aTaking care of the living after a death _rGene G. Bradbury |
||
| 505 |
_aEditorial _rJeffrey O. Brown |
||
| 505 |
_aPastor's Pastor _rRamon J. Canals |
||
| 505 |
_aResources _rLaszlo Gallusz |
||
| 505 | _aDateline | ||
| 505 | _aLetters | ||
| 505 |
_aPractical Pointers _rTimothy Floyd |
||
| 610 | 2 | 0 |
_aSeventh-day Adventists _xClergy _xPeriodicals. _934578 |
| 650 | 0 |
_aPastoral theology _xSeventh-day Adventists _xPeriodicals. _934579 |
|
| 690 |
_aSeventh-day Adventist publications. _934580 |
||
| 700 |
_aPavel Goia _eEditor _934581 |
||
| 710 | 2 | 0 |
_aGeneral Conference of Seventh-day Adventists. _bMinisterial Association. _934582 |
| 856 |
_uhttp://www.ministrymagazine.org/archive _zMinistry magazine |
||
| 942 |
_2lcc _cEGWEBO _hBX6102 _i.M56 2023 |
||
| 999 |
_c25088 _d25088 |
||